The Dickens theatre : a reassessment of the novels.

Bibliographic Details
Main Author: Garis, Robert
Format: Book
Language:English
Published: Oxford : Clarendon Press, 1965.
Subjects:

MARC

Tag First Indicator Second Indicator Subfields
LEADER 00000cam a2200000 4500
001 in00000032714
005 20151007063200.0
008 720717s1965 enk 00000 eng u
010 |a  65004243  
035 |a (OCoLC)00357976 
035 |9 AAD6757AM 
040 |c WSU  |d TXA  |d UtOrBLW 
049 |a TXAM  |c [414882] 
050 0 |a PR4588  |b .G28 
092 |a 823  |b D548Yga 
100 1 |a Garis, Robert. 
245 1 4 |a The Dickens theatre :  |b a reassessment of the novels. 
264 1 |a Oxford :  |b Clarendon Press,  |c 1965. 
300 |a 259 pages ;  |c 23 cm. 
336 |a text  |b txt  |2 rdacontent 
337 |a unmediated  |b n  |2 rdamedia 
338 |a volume  |b nc  |2 rdacarrier 
504 |a Bibliographical footnotes. 
600 1 0 |a Dickens, Charles,  |d 1812-1870. 
999 |a MARS 
999 f f |s 41d34899-59cb-3541-a876-6fd1d5427728  |i 2f362aa6-435c-39ee-8470-feb6cdee524e  |t 0 
952 f f |p ric  |a Texas A&M University  |b Rellis Campus  |c Joint Library Facility  |d Remote Storage  |t 0  |e PR4588 .G28  |h Library of Congress classification  |i unmediated -- volume  |m A14801316516 
998 f f |a PR4588 .G28  |t 0  |l Remote Storage